01455nam a2200205Ia 4500008004100000020001500041050002200056100003100078240006000109245011700169250001900286260003600305300003100341490003700372500006700409504003200476505068100508650001901189700004101208120625s1996 mx 001 0 spa d a9688530859 4aP90 bM2818 1996 1 aMcQuail, Denis e , autor 10aMass Communication Theory. An Introduction lEspañol 10aIntroducción a la teoría de la comunicación de masas c / Denis McQuail ; traducción Antonio J. Desmonts a2a. edición  aMéxicob : Paidós c , 1996 a452 páginas c ; 22 cm. 0 aPaidós Comunicación v ; 18  aTítulo original: Mass Communication Theory. An Introduction  aBibliografía: pp. 403-4350 aEl desarrollo de los medios de comunicación masivas Teoría de los medios de comunicación y teoría de la sociedad Teoría aplicada de los medios de comunicación: integración y cambio Teorías normativas de la estructura y la práctica de los medios de comunicación La producción cultural de los medios de comunicación: institución, organización y papel de los medios de comunicación Contenido de los medios de comunicación: análisis, reflejo de la realidad, géneros La audiencia de los medios de comunicación El procesamiento de los efectos de los medios de comunicación Teoría de la comunicación de masas: nota sobre su futuro  4aCOMUNICACIÓN1 aDesmonts, Antonio J. e , traductor